000 00414nam a2200109Ia 4500
008 160909s9999 xx 000 0 und d
100 _aWhitcher Gentzke, Ann.
245 _aComparing assessment strategies for immigrant students in the U.S. and France
260 _bState University of New York Empire State College
_c2016
650 _aEDUC/SPED
856 _uhttp://pqdtopen.proquest.com/doc/1762246656.html?FMT=ABS
999 _c305028
_d305028